| 000 | 01053nam a2200265 a 4500 | ||
|---|---|---|---|
| 001 | ebr10416189 | ||
| 003 | CaPaEBR | ||
| 006 | m u | ||
| 007 | cr cn||||||||| | ||
| 008 | 101002s2009 ii a sb 001 0 eng d | ||
| 020 | _z9788178804446 | ||
| 040 |
_aCaPaEBR _cCaPaEBR |
||
| 035 | _a(OCoLC)656871943 | ||
| 050 | 1 | 4 |
_aGV341 _b.P38 2009eb |
| 100 | 1 | _aPathak, C. K. | |
| 245 | 1 | 0 |
_aSupervision of physical education _h[electronic resource] / _cC.K. Pathak. |
| 260 |
_aNew Delhi, India : _bRajat Publications, _c2009. |
||
| 300 |
_a175 p. : _bill. |
||
| 504 | _aIncludes bibliographical references (p. [170]-172) and index. | ||
| 533 |
_aElectronic reproduction. _bPalo Alto, Calif. : _cebrary, _d2010. _nAvailable via World Wide Web. _nAccess may be limited to ebrary affiliated libraries. |
||
| 650 | 0 | _aPhysical education and training. | |
| 655 | 7 |
_aElectronic books. _2local |
|
| 710 | 2 | _aebrary, Inc. | |
| 856 | 4 | 0 |
_uhttp://site.ebrary.com/lib/rucke/Doc?id=10416189 _zAn electronic book accessible through the World Wide Web; click to view |
| 999 |
_c84511 _d84511 |
||